Statistics for All-Time Montreal Canadiens

Click here to take the quiz!

General Stats

  • This quiz has been taken 115 times
  • The average score is 9 of 13

Answer Stats

PositionAnswer% Correct
2nd Line LWRichard
99%
1st Line RWRichard
99%
Starting GoalieRoy
91%
1st Line LWLafleur
90%
1st Line CBéliveau
89%
Backup GoaliePlante
83%
2nd Line DRobinson
83%
1st Line DSavard
67%
CoachBowman
59%
2nd Line DMarkov
45%
1st Line DSubban
44%
2nd Line CDamphousse
24%
2nd Line RWTanguay
2%

Score Distribution

Percentile by Number Answered

Percent of People with Each Score

Your Score History

You have not taken this quiz